Zac power test drive 11: o lançamento de foguete de zac (Record no. 193049)

MARC details
000 -LÍDER
campo de controle de tamanho fixo 00417 a2200157 4500
001 - NÚMERO DE CONTROLE
campo de controle 193049
020 ## - ISBN - INTERNATIONAL STANDARD BOOK NUMBER
ISBN - International Standard Book Number 978-85-395-0011-6
040 ## - FONTE DA CATALOGAÇÃO
Instituição que transcreveu o registro Magnum
100 ## - ENTRADA PRINCIPAL--NOME PESSOAL
Nome pessoal Larry, H I
240 10 - TÍTULO UNIFORME
Título uniforme Zac power test drive 11: o lançamento de foguete de zac
Idioma da obra por
245 10 - TÍTULO
Título Zac power test drive 11: o lançamento de foguete de zac
300 ## - DESCRIÇÃO FÍSICA
Extensão 34
362 0# - DATAS DE PUBLICAÇÃO E/OU DESIGNAÇÃO SEQUENCIAL
Datas de publicação e/ou designação sequencial 2011
697 ## - ENTRADA DE ASSUNTO LOCAL--ENTIDADE COLETIVA (RLIN)
Nome corporativo ou nome da jurisdição LITERATURA JUVENIL ESTRANGEIRA
942 ## - ELEMENTOS DE ENTRADA ADICIONADOS (KOHA)
Tipo de material Koha Livros
Holdings
Situação do descarte Situação das perdas Situação física Não pode ser emprestado Biblioteca de origem Biblioteca atual Data de aquisição Total de empréstimos Número de chamada completo Código de barras Data de último acesso Data do preço efetivo Tipo de material Koha
        Magnum Magnum 08/06/2024   11.890.3.11 MAG00071981 08/06/2024 08/06/2024 Livros